|
|
|
|
| LEADER |
00000nab#a22000007a#4500 |
| 001 |
arbauad008868 |
| 003 |
AR-BaUAD |
| 005 |
20250711110931.0 |
| 008 |
950307|||||||||###||||||b###|0###a|spa|| |
| 040 |
|
|
|a AR-BaUAD
|c AR-BaUAD
|b spa
|
| 245 |
1 |
0 |
|a Milan
|b a shirt changes everything!
|
| 300 |
0 |
|
|b fot.
|
| 653 |
|
|
|a EUROPA
|
| 653 |
|
|
|a ITALIA
|
| 653 |
|
|
|a DISEÑADORES DE INDUMENTARIA
|
| 653 |
|
|
|a GIANFRANCO FERRE
|
| 653 |
|
|
|a GIORGIO ARMANI
|
| 653 |
|
|
|a COMPLICE
|
| 653 |
|
|
|a KRIZIA
|
| 653 |
|
|
|a LAURA BIAGIOTTI
|
| 653 |
|
|
|a MARIO VALENTINO
|
| 653 |
|
|
|a GENNY
|
| 653 |
|
|
|a MODA
|
| 653 |
|
|
|a TIPOLOGIAS
|
| 653 |
|
|
|a DISEÑO DE INDUMENTARIA
|
| 653 |
|
|
|a MARCAS
|
| 773 |
0 |
|
|t VOGUE
|g v. 175, no. 1 [ene. 1985], p. 210-221
|
| 942 |
|
|
|c ARTI
|
| 952 |
|
|
|0 0
|1 0
|4 0
|7 0
|9 53788
|a AR-BAuAD
|b AR-BAuAD
|d 2025-07-11
|l 0
|p AAQA008868
|r 2025-07-11 11:09:31
|w 2025-07-11
|y ARTI
|
| 990 |
|
|
|a DT198
|b TD
|
| 998 |
|
|
|a AAQ
|b BIBUN76
|
| 999 |
|
|
|c 33461
|d 33461
|